| 000 | 01142nam0a22002771 4500 | ||
|---|---|---|---|
| 001 | rc\2345822 | ||
| 005 | 20110829151742.3 | ||
| 035 | _a(NLR Aleph) 006588741 | ||
| 090 |
_a7123106 _c7123106 |
||
| 100 | _a20110829g19771978|||y0rusy50 ca | ||
| 101 | 0 | _arus | |
| 102 | _aRU | ||
| 105 | _aa z ||||| | ||
| 200 | 1 |
_aВопросы биологии и экологии _e[Сб. статей] _fМ-во высш. и сред. спец. образования КазССР, Каз. гос. ун-т им. С.М. Кирова _g[Редкол.: М.Х. Шигаева (отв. ред.) и др.] |
|
| 210 |
_aАлма-Ата _cКазГУ _d1977 (вып. дан. 1978) |
||
| 215 |
_a264 с. _cил. _d21 |
||
| 320 | _aБиблиогр. в конце статей | ||
| 702 | 1 |
_aШигаева _bМ. Х. _gМайя Хажетдиновна _4340 |
|
| 712 | 0 | 2 |
_aКазахский университет им. С. М. Кирова _cАлма-Ата _3RU\NLR\AUTH\884194 |
| 801 | 0 |
_aRU _bNLR _gpsbo |
|
| 801 | 1 |
_aRU _bELAR _2rusmarc |
|
| 852 |
_aNLR _j79-3/6827 |
||
| 899 |
_aRuMoRGB _jБ 79-19/569 |
||
| 899 |
_aRuMoRGB _jБ 79-19/568 |
||
| 942 | _cBOOK | ||
| 980 | _aNB | ||